[Event "Santa Cruz de Tenerife op 9th"]
[Site "Santa Cruz de Tenerife"]
[Date "2023.07.28"]
[Round "6"]
[White "Arribas Lopez, Sara"]
[Black "Hernandez Aguilera, Nauzet"]
[Result "1-0"]
[WhiteElo "1676"]
[BlackElo "1373"]
[PlyCount "45"]
[EventDate "2023.07.17"]
[EventType "swiss"]
[EventRounds "9"]
[EventCountry "ESP"]
[SourceTitle "CBM 215 Extra"]
[Source "ChessBase"]
[SourceDate "2023.09.30"]
[SourceVersion "1"]
[SourceVersionDate "2023.09.30"]
[SourceQuality "1"]

1. d4 Nf6 2. c4 g6 3. Nc3 Bg7 4. e4 d6 5. f4 Nc6 6. d5 Bg4 7. Qa4 Bd7 8. dxc6 Bxc6 9. Qc2 Qd7 10. Nf3 0-0-0 11. Rb1 Rhe8 12. b4 b6 13. a4 e5 14. fxe5 dxe5 15. Bg5 h6 16. Bxf6 Bxf6 17. a5 Bg7 18. axb6 cxb6 19. Rd1 Qb7 20. Nd5 f5 21. Bd3 f4 22. b5 Bd7 23. c5 1-0

[Event "Santa Cruz de Tenerife op 9th"]
[Site "Santa Cruz de Tenerife"]
[Date "2023.07.17"]
[Round "1"]
[White "Arribas Lopez, Sara"]
[Black "Santos Jimenez, Iris Victoria"]
[Result "1-0"]
[WhiteElo "1676"]
[BlackElo "1007"]
[PlyCount "43"]
[EventDate "2023.07.17"]
[EventType "swiss"]
[EventRounds "9"]
[EventCountry "ESP"]
[SourceTitle "CBM 215 Extra"]
[Source "ChessBase"]
[SourceDate "2023.09.30"]
[SourceVersion "1"]
[SourceVersionDate "2023.09.30"]
[SourceQuality "1"]

1. e4 c5 2. Nc3 a6 3. g3 Nc6 4. Bg2 g6 5. Nge2 Bg7 6. 0-0 Nf6 7. d3 d6 8. h3 0-0 9. g4 b5 10. e5 Bb7 11. exf6 Bxf6 12. Ne4 Bg7 13. c3 e5 14. f4 Re8 15. f5 f6 16. Qb3+ Kf8 17. fxg6 hxg6 18. Nxf6 Bxf6 19. Bg5 Qd7 20. Rxf6+ Kg7 21. Raf1 Re7 22. Be4 1-0

[Event "Madrid San Viator op-B 31st"]
[Site "Madrid"]
[Date "2019.11.10"]
[Round "8"]
[White "Arribas Lopez, Sara"]
[Black "Lavado Pena, David"]
[Result "1-0"]
[WhiteElo "1661"]
[BlackElo "1184"]
[PlyCount "99"]
[EventDate "2019.09.08"]
[EventType "swiss"]
[EventRounds "9"]
[EventCountry "ESP"]
[SourceTitle "EXT 2022"]
[Source "ChessBase"]
[SourceDate "2021.10.06"]
[SourceVersion "1"]
[SourceVersionDate "2021.10.06"]
[SourceQuality "1"]

1. e4 c5 2. Nc3 Nc6 3. Bc4 g6 4. a3 Bg7 5. Nge2 Nf6 6. d3 0-0 7. h3 e6 8. Bg5 h6 9. Bd2 d5 10. exd5 exd5 11. Ba2 Re8 12. 0-0 b6 13. Ng3 Nd4 14. Qc1 Kh7 15. Be3 Nf3+ 16. gxf3 d4 17. Bxd4 cxd4 18. Nce4 Bxh3 19. Re1 Nxe4 20. Rxe4 Qf6 21. Rf4 Re1+ 22. Qxe1 Qxf4 23. Qe4 Qxe4 24. fxe4 Kg8 25. f4 Rc8 26. Rc1 Rc5 27. b4 Rc3 28. Bb3 Be6 29. Ne2 Rc6 30. Bxe6 fxe6 31. e5 Kf7 32. Nxd4 Rc7 33. Nb5 Rd7 34. Nd6+ Kf8 35. d4 a6 36. c4 Kg8 37. Kf2 Bf8 38. c5 bxc5 39. dxc5 Be7 40. c6 Rc7 41. Ne8 Rc8 42. c7 Kf8 43. Nd6 Bxd6 44. exd6 Ke8 45. Rc6 Kd7 46. Rb6 g5 47. fxg5 hxg5 48. Rb8 Re8 49. Rxe8 Kxe8 50. c8Q+ 1-0

[Event "Madrid-ch U16 Girls"]
[Site "Madrid"]
[Date "2015.04.18"]
[Round "1"]
[White "Arribas Lopez, Sara"]
[Black "De la Villa Ramos, Maria"]
[Result "1/2-1/2"]
[WhiteElo "1512"]
[BlackElo "1413"]
[PlyCount "40"]
[EventDate "2015.04.18"]
[EventType "tourn"]
[EventRounds "7"]
[EventCountry "ESP"]
[SourceTitle "EXT 2018"]
[Source "ChessBase"]
[SourceDate "2017.10.13"]
[SourceVersion "1"]
[SourceVersionDate "2017.10.13"]
[SourceQuality "1"]

1. e4 c5 2. Nf3 Nc6 3. d4 cxd4 4. Nxd4 e5 5. Nb3 Nf6 6. Nc3 Bb4 7. Bd3 h6 8. 0-0 Bxc3 9. bxc3 d6 10. Bb2 a6 11. Qd2 0-0 12. c4 a5 13. a4 b6 14. f4 Re8 15. Rf3 Bb7 16. Raf1 Nd7 17. Rg3 Re6 18. f5 Rf6 19. Qe2 g6 20. Qh5 Kg7 1/2-1/2